| 000 | 00491nam a2200193Ia 4500 | ||
|---|---|---|---|
| 003 | GCL | ||
| 008 | 140319s9999 xx 000 0 eng d | ||
| 040 |
_aGCL / _cGCL |
||
| 082 | 0 | 4 |
_a005.43 _bU E |
| 100 | 1 | _aUNDERDAHI, BRIAN | |
| 245 | 1 | 0 |
_aEXCEL: EXPERT SOLUTIONS / _cUNDERDAHI, BRIAN |
| 700 | 1 | _aHAGER, DAVID | |
| 260 |
_a[S.N] : _bQUE ، _c1996 |
||
| 300 | _a1018 P | ||
| 650 | 0 | 4 | _aشعر الحرب |
| 650 | 0 | 4 | _aPROGRAMMING LANGUAGE |
| 650 | 0 | 4 | _aEXCEL WINDOWS |
| 942 |
_2ddc _cBK |
||
| 999 |
_c13671 _d13671 |
||